Historia de la Filosofía: La antigüedad, la edad media y la filosofía en Oriente

Salvato in:
Dettagli Bibliografici
Autore principale: Bréhier, Emile
Natura: Libro
Lingua:Spanish
Pubblicazione: Buenos Aires, Argentina Editorial Sudamericana 1944
Soggetti:
Tags: Aggiungi Tag
Nessun Tag, puoi essere il primo ad aggiungerne!!

MARC

LEADER 00000nam a2200000Ia 4500
008 170316s9999 xx 000 0 spa d
040 |a cru BVZT 
090 |a H-100 B-3h v.1 
100 |a Bréhier, Emile 
245 |a Historia de la Filosofía: La antigüedad, la edad media y la filosofía en Oriente  |c Emile Bréhier; Demetrio Náñez, traductor 
260 |a Buenos Aires, Argentina 
260 |b Editorial Sudamericana 
260 |c 1944 
300 |a 867 páginas. Tomo I 
650 |a FILOSOFÍA  |9 5 
650 |a HISTORIA  |9 90 
999 |c 28867  |d 28867 
942 |c SALA  |h H-100 B-3h v.1  |2 z